[Event "Wiesbaden op 28th"]
[Site "Wiesbaden"]
[Date "2016.08.27"]
[Round "4"]
[White "Boerkey, Joel"]
[Black "Held, Gerd"]
[Result "1-0"]
[WhiteElo "1598"]
[BlackElo "1462"]
[PlyCount "75"]
[EventDate "2016.08.25"]
[EventType "swiss"]
[EventRounds "7"]
[EventCountry "GER"]
[SourceTitle "CBM 174 Extra"]
[Source "ChessBase"]
[SourceDate "2016.10.10"]
[SourceVersion "1"]
[SourceVersionDate "2016.10.10"]
[SourceQuality "1"]

1. d4 g6 2. c4 Bg7 3. Nf3 c5 4. Bf4 Nf6 5. e3 0-0 6. Nc3 cxd4 7. exd4 d6 8. Qd2 Bd7 9. Bh6 Qa5 10. Bxg7 Kxg7 11. Be2 a6 12. 0-0 Bg4 13. Rfe1 e6 14. h3 Bxf3 15. Bxf3 Qc7 16. Rac1 Nbd7 17. d5 e5 18. Na4 Nb6 19. Nxb6 Qxb6 20. b4 Rac8 21. a4 Nd7 22. Re3 Rc7 23. Be2 f5 24. h4 Nf6 25. c5 dxc5 26. d6 Rc6 27. bxc5 Rxc5 28. Rxc5 Qxc5 29. Rc3 Qb6 30. Rc7+ Rf7 31. d7 Qxc7 32. d8Q Rd7 33. Qxc7 Rxc7 34. Qd6 Rc1+ 35. Kh2 Kf7 36. Qxe5 Rc2 37. Bf3 h5 38. Bd5+ 1-0

[Event "Wiesbaden op 28th"]
[Site "Wiesbaden"]
[Date "2016.08.26"]
[Round "2"]
[White "Boerkey, Joel"]
[Black "Schmitt, Clemens"]
[Result "0-1"]
[WhiteElo "1598"]
[BlackElo "1802"]
[PlyCount "70"]
[EventDate "2016.08.25"]
[EventType "swiss"]
[EventRounds "7"]
[EventCountry "GER"]
[SourceTitle "CBM 174 Extra"]
[Source "ChessBase"]
[SourceDate "2016.10.10"]
[SourceVersion "1"]
[SourceVersionDate "2016.10.10"]
[SourceQuality "1"]

1. d4 Nf6 2. Bf4 g6 3. Nc3 d5 4. e3 Bg7 5. h3 0-0 6. Nf3 c5 7. Bd3 cxd4 8. exd4 a6 9. 0-0 Nc6 10. Qd2 Qb6 11. Be2 Bf5 12. Na4 Qd8 13. Nc5 Ne4 14. Qd1 Nxc5 15. dxc5 e5 16. Bg3 h6 17. c3 Be6 18. Qc2 f5 19. Rfe1 e4 20. Nd2 f4 21. Bh2 f3 22. gxf3 Qg5+ 23. Bg3 e3 24. fxe3 Qxg3+ 25. Kh1 Qxh3+ 26. Kg1 Qg3+ 27. Kh1 Rf5 28. f4 d4 29. c4 Qh3+ 30. Kg1 Qxe3+ 31. Kh1 Rxf4 32. Bf3 Rh4+ 33. Kg2 Bh3+ 34. Kg3 Be5+ 35. Kxh4 Qg5+ 0-1

[Event "Dortmund Sparkassen op-B"]
[Site "Dortmund"]
[Date "2015.07.03"]
[Round "7"]
[White "Leonard, Timo"]
[Black "Boerkey, Joel"]
[Result "1/2-1/2"]
[WhiteElo "1590"]
[BlackElo "1474"]
[PlyCount "25"]
[EventDate "2015.06.27"]
[EventType "swiss"]
[EventRounds "9"]
[EventCountry "GER"]
[SourceTitle "CBM 167 Extra"]
[Source "ChessBase"]
[SourceDate "2015.09.14"]
[SourceVersion "1"]
[SourceVersionDate "2015.09.14"]
[SourceQuality "1"]

1. e4 c5 2. c3 d5 3. exd5 Qxd5 4. d4 cxd4 5. cxd4 e6 6. Nc3 Bb4 7. a3 Bxc3+ 8. bxc3 Nc6 9. Nf3 Nf6 10. Be2 0-0 11. 0-0 b6 12. Be3 Bb7 13. c4 1/2-1/2

[Event "Hessen-ch U12"]
[Site "Bad Homburg"]
[Date "2015.04.03"]
[Round "9"]
[White "Boerkey, Joel"]
[Black "Boerkey, Luis"]
[Result "1/2-1/2"]
[WhiteElo "1333"]
[BlackElo "1531"]
[PlyCount "48"]
[EventDate "2015.03.30"]
[EventType "swiss"]
[EventRounds "9"]
[EventCountry "GER"]
[SourceTitle "EXT 2017"]
[Source "ChessBase"]
[SourceDate "2016.10.25"]
[SourceVersion "1"]
[SourceVersionDate "2016.10.25"]
[SourceQuality "1"]

1. d4 Nf6 2. c4 e6 3. Nf3 b6 4. g3 Bb7 5. Bg2 Bb4+ 6. Bd2 Bxd2+ 7. Qxd2 0-0 8. 0-0 Nc6 9. Nc3 Re8 10. e3 Rb8 11. Rac1 Ba6 12. b3 Bb7 13. Rfd1 Ne7 14. Nb5 a6 15. Nc3 Ne4 16. Nxe4 Bxe4 17. Ne5 Bxg2 18. Kxg2 d6 19. Nf3 Qd7 20. Kg1 Red8 21. Rc2 Rb7 22. Rc3 h6 23. Qc2 Qc8 24. Ne1 g6 1/2-1/2

[Event "Hessen-ch U12"]
[Site "Bad Homburg"]
[Date "2015.04.02"]
[Round "5"]
[White "Boerkey, Joel"]
[Black "Lehmann, Tim"]
[Result "1/2-1/2"]
[WhiteElo "1333"]
[BlackElo "1536"]
[PlyCount "42"]
[EventDate "2015.03.30"]
[EventType "swiss"]
[EventRounds "9"]
[EventCountry "GER"]
[SourceTitle "EXT 2017"]
[Source "ChessBase"]
[SourceDate "2016.10.25"]
[SourceVersion "1"]
[SourceVersionDate "2016.10.25"]
[SourceQuality "1"]

1. d4 d5 2. c4 e6 3. Nf3 Nf6 4. e3 Nc6 5. Nbd2 a6 6. b3 Be7 7. Bd3 0-0 8. Bb2 h6 9. 0-0 Re8 10. Rc1 Bd7 11. Qe2 dxc4 12. bxc4 Nb4 13. Bb1 c5 14. Rfd1 cxd4 15. exd4 Nc6 16. Ne4 Nxe4 17. Qxe4 f5 18. Qe2 Bf6 19. Ne5 Nxe5 20. dxe5 Bg5 21. Rc3 Qc7 1/2-1/2

[Event "Hessen-ch U12"]
[Site "Bad Homburg"]
[Date "2015.04.01"]
[Round "4"]
[White "Hohmann, Nils"]
[Black "Boerkey, Joel"]
[Result "0-1"]
[WhiteElo "949"]
[BlackElo "1333"]
[PlyCount "120"]
[EventDate "2015.03.30"]
[EventType "swiss"]
[EventRounds "9"]
[EventCountry "GER"]
[SourceTitle "EXT 2017"]
[Source "ChessBase"]
[SourceDate "2016.10.25"]
[SourceVersion "1"]
[SourceVersionDate "2016.10.25"]
[SourceQuality "1"]

1. e4 c5 2. Nc3 a6 3. Nf3 b5 4. d3 Nc6 5. Bf4 e6 6. Be2 b4 7. Nb1 Nf6 8. h3 Be7 9. 0-0 Bb7 10. e5 Nd5 11. Bg3 0-0 12. c4 Nb6 13. Nbd2 f6 14. a4 a5 15. exf6 Bxf6 16. Ne4 Bxb2 17. Rb1 Bd4 18. Bh4 Qc7 19. Bg3 Be5 20. Nxe5 Nxe5 21. d4 Bxe4 22. Bxe5 d6 23. dxc5 dxe5 24. cxb6 Qxb6 25. Rc1 b3 26. c5 Qb4 27. Rc4 Bc2 28. Qc1 Qb7 29. Re1 Rac8 30. Bg4 Qd5 31. Rc3 Kh8 32. c6 Rxc6 33. Rxc6 Qxc6 34. Rxe5 Qb6 35. Qe3 Qxe3 36. Rxe3 b2 37. Re1 b1Q 38. Rxb1 Bxb1 39. Bxe6 Bc2 40. Bd7 Rf4 41. g4 Bxa4 42. Be6 Bc2 43. g5 a4 44. Kg2 a3 45. Kg3 Rb4 46. h4 Bb3 47. Bxb3 Rxb3+ 48. Kg4 a2 49. g6 a1Q 50. gxh7 Kxh7 51. f4 g6 52. f5 Qg1+ 53. Kf4 Qf2+ 54. Ke5 Qc5+ 55. Kf6 Qxf5+ 56. Ke7 Rb6 57. h5 Qe6+ 58. Kd8 Qf7 59. hxg6+ Rxg6 60. Kc8 Rg8# 0-1

[Event "Hessen-ch U10"]
[Site "Bad Homburg"]
[Date "2015.03.29"]
[Round "6"]
[White "Lehmann, Nils"]
[Black "Boerkey, Joel"]
[Result "1-0"]
[WhiteElo "1426"]
[BlackElo "1333"]
[PlyCount "83"]
[EventDate "2015.03.27"]
[EventType "swiss"]
[EventRounds "7"]
[EventCountry "GER"]
[SourceTitle "EXT 2017"]
[Source "ChessBase"]
[SourceDate "2016.10.25"]
[SourceVersion "1"]
[SourceVersionDate "2016.10.25"]
[SourceQuality "1"]

1. e4 c5 2. Nf3 Nc6 3. Nc3 d6 4. d3 Nf6 5. Bf4 h6 6. Be2 e5 7. Nd5 exf4 8. Nxf4 Bg4 9. c3 Bxf3 10. Bxf3 Be7 11. 0-0 0-0 12. Qb3 Rb8 13. a3 Qd7 14. Ng6 Rfe8 15. Nf4 Kh8 16. Qxf7 Ne5 17. Qb3 Nxf3+ 18. gxf3 Bf8 19. Rad1 g5 20. Ng2 Re7 21. d4 cxd4 22. Rxd4 Rg7 23. e5 Nh5 24. exd6 Nf4 25. Ne3 Ne2+ 26. Kh1 Nxd4 27. cxd4 Bxd6 28. Rg1 Qc6 29. Nf5 Qxf3+ 30. Qxf3 Rf7 31. Qd3 Bc7 32. Rg2 Rbf8 33. Nxh6 Rh7 34. Ng4 Rh4 35. Ne5 Bxe5 36. dxe5 g4 37. Qg3 Rh7 38. Qxg4 Rd8 39. e6 b6 40. e7 Rxe7 41. Qh4+ Rh7 42. Qxd8# 1-0

[Event "Hessen-ch U10"]
[Site "Bad Homburg"]
[Date "2015.03.28"]
[Round "2"]
[White "Reinecke, Alexander"]
[Black "Boerkey, Joel"]
[Result "1-0"]
[WhiteElo "932"]
[BlackElo "1333"]
[PlyCount "89"]
[EventDate "2015.03.27"]
[EventType "swiss"]
[EventRounds "7"]
[EventCountry "GER"]
[SourceTitle "EXT 2017"]
[Source "ChessBase"]
[SourceDate "2016.10.25"]
[SourceVersion "1"]
[SourceVersionDate "2016.10.25"]
[SourceQuality "1"]

1. e4 c5 2. Nf3 Nc6 3. Nc3 d6 4. d4 cxd4 5. Nxd4 e5 6. Nxc6 bxc6 7. Bd3 Be7 8. Be3 Bg5 9. Qd2 Bxe3 10. Qxe3 Nf6 11. h3 0-0 12. 0-0-0 Re8 13. f3 d5 14. Ne2 d4 15. Qf2 Be6 16. b3 Qd6 17. Kb2 a5 18. a4 c5 19. c4 dxc3+ 20. Nxc3 Rab8 21. Bb5 Rec8 22. Rxd6 c4 23. Nd5 Nxd5 24. exd5 c3+ 25. Kc2 Bf5+ 26. Bd3 Bxd3+ 27. Kxd3 c2 28. Rc1 Rxb3+ 29. Ke4 Rc4+ 30. Kxe5 f6+ 31. Ke6 h6 32. Rxc2 Rxc2 33. Qxc2 Re3+ 34. Kd7 Kf7 35. Kc7 Re7+ 36. Rd7 Rxd7+ 37. Kxd7 h5 38. d6 g5 39. Kc7 g4 40. hxg4 hxg4 41. fxg4 f5 42. d7 fxg4 43. d8Q g3 44. Qf5+ Kg7 45. Qdf8# 1-0

[Event "Hessen-ch op-B"]
[Site "Frankfurt Sossenheim"]
[Date "2015.??.??"]
[Round "3"]
[White "Engel, Jan"]
[Black "Boerkey, Joel"]
[Result "1/2-1/2"]
[WhiteElo "1715"]
[BlackElo "1333"]
[PlyCount "82"]
[EventDate "2015.05.13"]
[EventType "swiss"]
[EventRounds "7"]
[EventCountry "GER"]
[SourceTitle "EXT 2016"]
[Source "ChessBase"]
[SourceDate "2015.10.08"]
[SourceVersion "1"]
[SourceVersionDate "2015.10.08"]
[SourceQuality "1"]

1. d4 Nf6 2. c4 e6 3. Nc3 Bb4 4. Nf3 Ne4 5. Qc2 d5 6. a3 Bxc3+ 7. bxc3 0-0 8. e3 Re8 9. Bd3 Nf6 10. 0-0 dxc4 11. Bxc4 Bd7 12. e4 Bc6 13. Re1 Nbd7 14. Bg5 h6 15. Bh4 Qc8 16. Nd2 a6 17. a4 Nh7 18. d5 exd5 19. exd5 Rxe1+ 20. Rxe1 Bxa4 21. Qxa4 b5 22. Bxb5 Nb6 23. Qd4 axb5 24. d6 Nd7 25. dxc7 Qxc7 26. Re7 Rd8 27. Qd5 Ne5 28. Qxf7+ Nxf7 29. Rxc7 Rxd2 30. Rc8+ Nf8 31. f4 g5 32. fxg5 hxg5 33. Be1 Rc2 34. Rb8 Rb2 35. c4 Ne5 36. Rxb5 Nxc4 37. Rxb2 Nxb2 38. Bd2 Ne6 39. Bxg5 Nxg5 40. Kf2 Kf7 41. h4 Ne6 1/2-1/2

[Event "Eschborn op 11th"]
[Site "Eschborn"]
[Date "2014.09.07"]
[Round "4"]
[White "Chambers, Dominik Keith"]
[Black "Boerkey, Joel"]
[Result "0-1"]
[WhiteElo "1239"]
[BlackElo "1070"]
[PlyCount "56"]
[EventDate "2014.09.05"]
[EventType "swiss"]
[EventRounds "5"]
[EventCountry "GER"]
[SourceTitle "EXT 2015"]
[Source "ChessBase"]
[SourceDate "2014.11.20"]
[SourceVersion "1"]
[SourceVersionDate "2014.11.20"]
[SourceQuality "1"]

1. Nf3 Nc6 2. g3 e5 3. d3 d5 4. Bg2 Nf6 5. 0-0 Bc5 6. Nbd2 0-0 7. e4 dxe4 8. dxe4 Bg4 9. c3 Qe7 10. Qc2 Qe6 11. Nb3 Bb6 12. Bg5 h6 13. Bxf6 Qxf6 14. Nfd2 Be2 15. a4 Bxf1 16. Rxf1 Rad8 17. Nc4 Qe6 18. Nxb6 axb6 19. Nc1 Rd6 20. b4 Ra8 21. Ne2 Ne7 22. f4 Rad8 23. f5 Qd7 24. Qb3 Rd2 25. Nc1 Rd1 26. Qc4 Rxf1+ 27. Bxf1 Qc6 28. Qb3 Qxe4 0-1

[Event "Rheinland Pfalz op 6th"]
[Site "Gau Algesheim"]
[Date "2014.06.21"]
[Round "5"]
[White "Boerkey, Joel"]
[Black "Muckle, Richard"]
[Result "0-1"]
[WhiteElo "975"]
[BlackElo "1536"]
[PlyCount "168"]
[EventDate "2014.06.19"]
[EventType "swiss"]
[EventRounds "7"]
[EventCountry "GER"]
[SourceTitle "CBM 161 Extra"]
[Source "ChessBase"]
[SourceDate "2014.08.29"]
[SourceVersion "1"]
[SourceVersionDate "2014.08.29"]
[SourceQuality "1"]

1. e4 e6 2. d4 d5 3. Nd2 dxe4 4. Nxe4 Nf6 5. Bg5 Be7 6. Bxf6 Bxf6 7. Nf3 Nc6 8. Nxf6+ Qxf6 9. Bb5 Bd7 10. 0-0 a6 11. Bc4 0-0 12. c3 Na5 13. Bd3 Bc6 14. Ne5 Qg5 15. Nxc6 Nxc6 16. Qf3 Qf6 17. Be4 Qxf3 18. Bxf3 Rab8 19. Rad1 Ne7 20. Rd2 c6 21. Rfd1 Rfd8 22. a4 g6 23. Ra1 Nd5 24. g3 Rd7 25. a5 Rbd8 26. Rad1 h6 27. Kg2 h5 28. Be2 Nf6 29. Bf3 Ne8 30. Kg1 Nd6 31. Be2 Nb5 32. Bf3 Kg7 33. h3 Nc7 34. Kh2 e5 35. g4 hxg4 36. hxg4 f5 37. gxf5 gxf5 38. Bg2 Ne6 39. d5 Nf4 40. c4 e4 41. Kg3 Nxg2 42. Kxg2 cxd5 43. Rxd5 Rxd5 44. Rxd5 Rxd5 45. cxd5 f4 46. Kh3 Kf6 47. Kg4 Ke5 48. d6 e3 49. d7 exf2 50. d8Q f1Q 51. Qe7+ Kd4 52. Qb4+ Kd3 53. Qc3+ Ke4 54. Qb4+ Ke3 55. Qc5+ Ke4 56. Qb4+ Ke3 57. Qc3+ Qd3 58. Qe5+ Qe4 59. Qc3+ Ke2 60. Qh8 f3+ 61. Kg3 f2 62. Qh5+ Ke1 63. Qc5 f1N+ 64. Kh3 Qe3+ 65. Qxe3+ Nxe3 66. Kg3 Nc4 67. b3 Nxa5 68. b4 Nc4 69. Kf4 Kd2 70. Ke4 Kc3 71. Kd5 Kxb4 72. Kd4 Kb3 73. Kc5 a5 74. Kb5 a4 75. Kc5 b6+ 76. Kb5 a3 77. Kc6 a2 78. Kb7 a1Q 79. Kb8 Qa6 80. Kc7 b5 81. Kb8 Ne5 82. Kc7 Qc6+ 83. Kb8 Nd7+ 84. Ka7 Qb6+ 0-1

[Event "Hessen-ch U12"]
[Site "Bad Homburg"]
[Date "2014.??.??"]
[Round "6"]
[White "Mueller, Joshua"]
[Black "Boerkey, Joel"]
[Result "0-1"]
[WhiteElo "761"]
[BlackElo "882"]
[PlyCount "70"]
[EventDate "2014.04.??"]
[EventType "swiss"]
[EventRounds "9"]
[EventCountry "GER"]
[SourceTitle "EXT 2022"]
[Source "ChessBase"]
[SourceDate "2021.10.06"]
[SourceVersion "1"]
[SourceVersionDate "2021.10.06"]
[SourceQuality "1"]

1. g3 e5 2. Bg2 d5 3. Nf3 Nc6 4. 0-0 Bg4 5. Ne1 Qd7 6. f3 Bh3 7. Nc3 Bxg2 8. Nxg2 Bc5+ 9. e3 Nf6 10. g4 d4 11. Nb5 a6 12. Na3 dxe3 13. dxe3 Rd8 14. Qe1 e4 15. h3 h5 16. Rf2 exf3 17. Rxf3 hxg4 18. hxg4 Qxg4 19. Rf4 Rd1 20. Rxg4 Rxe1+ 21. Nxe1 Nxg4 22. Nc4 b5 23. Nd2 Bxe3+ 24. Kf1 Bb6 25. Ndf3 Nh2+ 26. Nxh2 Rxh2 27. Bf4 Rf2+ 28. Kg1 Rxf4+ 29. Kg2 Rf2+ 30. Kg3 Nb4 31. a3 Nxc2 32. Nxc2 Rxc2 33. Re1+ Kf8 34. Rh1 Kg8 35. Re1 Bf2+ 0-1